Normal view
MARC view
- Jaffe, Joseph
Entry Personal Name
001 - CONTROL NUMBER
- control field: 65779
003 - CONTROL NUMBER IDENTIFIER
- control field: NUST
005 - DATE AND TIME OF LATEST TRANSACTION
- control field: 20210628203505.0
008 - FIXED-LENGTH DATA ELEMENTS
- fixed length control field: 210628|| aca||aabn | a|a d
040 ## - CATALOGING SOURCE
- Original cataloging agency: NUST
- Transcribing agency: NUST
100 ## - HEADING--PERSONAL NAME
- Personal name: Jaffe, Joseph
670 ## - SOURCE DATA FOUND
- Source citation: Work cat.: (NUST): Jaffe, Joseph, Life after the 30- second spot, energize your brand with a bold mix of alternatives to traditional advertising, 2005
